000 00227nam a2200097Ia 4500
005 20251222114345.0
008 251222s1900||||xx |||||||||||||| ||spa||
082 _aDVD0096/G77/T.2
245 0 _aDe la tierra a la luna:
942 _cDVD
999 _c1027
_d1027